000 00297nam a22001217a 4500
040 _cSCME
100 _aRobeert A.Mayers
_9122678
245 _aEncyclopedia of Physical Science and Technology
250 _a3rd ed.
260 _aUSA
_bAcademic Press
_c2002
300 _a1028p.
942 _2ddc
_cENC
999 _c609131
_d609131